Per amore o per forza : una storia di uomini, di amicizia e di amori /

Uloženo v:
Podrobná bibliografie
Hlavní autor: Gagliardi, Nina (Autor)
Médium: Kniha
Jazyk:italština
Vydáno: Roma : Europa, 2020
Edice:Edificare universi
Tagy: Přidat tag
Žádné tagy, Buďte první, kdo vytvoří štítek k tomuto záznamu!

MARC

LEADER 00000nam a22000007i 4500
001 IT\ICCU\BVE\0856012
003 ItRI
005 20260115232110.0
008 200925s2020 it |||||| ||||| |||||c
020 |a 9788855089340 
040 |b ita  |c importazione bologna sebina 
041 7 |a ita  |2 ISO-639-2 
100 1 |a Gagliardi, Nina  |0 IT\ICCU\BVEV\271566  |4 aut 
245 1 0 |a Per amore o per forza :  |b una storia di uomini, di amicizia e di amori /  |c Nina Gagliardi. 
260 |a Roma :  |b Europa,  |c 2020 
300 |a 756 p. ;  |c 21 cm 
830 0 |a Edificare universi  |0 IT\ICCU\VEA\1118187 
942 |2 ddc  |c BK  |n 0 
952 |0 0  |1 0  |4 0  |6 DOC_853_920000000000000_GAG  |7 0  |9 20035  |a BO  |b BO  |d 2026-01-15  |i 20926  |l 0  |o DOC 853.92 GAG  |p BO20926  |r 2026-01-15 23:21:10  |w 2026-01-15  |x [Sebina 5] [1 v.]  |y BK  |z 1 v. 
999 |c 17080  |d 17080